Les jubés de la Renaissance / (Record no. 109936)

MARC details
000 -LEADER
campo de control de longitud fija 00536nam a2200193 4500
001 - NÚMERO DE CONTROL
campo de control 109936
003 - IDENTIFICADOR DE NÚMERO DE CONTROL
campo de control ES-MaACL
005 - FECHA Y HORA DE LA ÚLTIMA TRANSACCIÓN
campo de control 20230906184938.0
007 - CAMPO FIJO DE DESCRIPCIÓN FÍSICA--INFORMACIÓN GENERAL
campo de control de longitud fija t|
008 - DATOS DE LONGITUD FIJA--INFORMACIÓN GENERAL
campo de control de longitud fija 061121s1946 be r ||||1| fre d
100 1# - ENTRADA PRINCIPAL--NOMBRE DE PERSONA
Nombre de persona Mogin, Jean.
9 (RLIN) 81786
245 14 - MENCIÓN DEL TÍTULO
Título Les jubés de la Renaissance /
Mención de responsabilidad, etc. Jean Mogin.
260 ## - PUBLICACIÓN, DISTRIBUCIÓN, ETC.
Lugar de publicación, distribución, etc. Bruxelles :
Nombre del editor, distribuidor, etc. Cercle d'Art,
Fecha de publicación, distribución, etc. 1946.
300 ## - DESCRIPCIÓN FÍSICA
Extensión 42 p., 39 lám. ;
Dimensiones 24 cm.
490 1# - MENCIÓN DE SERIE
Mención de serie L'art en Belgique
830 0# - PUNTO DE ACCESO ADICIONAL DE SERIE-TÍTULO UNIFORME
Título uniforme L'art en Belgique
9 (RLIN) 182903
852 ## - LOCALIZACIÓN
Ubicación ES-MaACL
Número de control de estantería C-4977
Sublocalización o colección R.25280
Holdings
Estatus retirado Estado de pérdida Estado de daño No para préstamo Biblioteca de origen Biblioteca actual Ubicación en estantería Fecha de adquisición Fuente de adquisición Total de préstamos Signatura topográfica completa Código de barras Visto por última vez Precio de reemplazo Tipo de ítem Koha
        Biblioteca del Ateneo de Madrid Biblioteca del Ateneo de Madrid Sala Palomar 17/01/2008     C-4977 1114702 23/02/2023 23/02/2023 Libro impreso